BIBLIOTECA PODER JUDICIAL
Portal Judicial TDF

El defensor de menores e incapaces en los procesos de familia : (Registro nro. 6336)

000 -LEADER
fixed length control field 01244nab a22002417a 4500
003 - CONTROL NUMBER IDENTIFIER
control field OSt
005 - DATE AND TIME OF LATEST TRANSACTION
control field 20260130212908.0
008 - FIXED-LENGTH DATA ELEMENTS--GENERAL INFORMATION
fixed length control field 190603e xxum|||| |||| 00| 0 spa d
040 ## - CATALOGING SOURCE
Transcribing agency PJ
100 ## - MAIN ENTRY--PERSONAL NAME
9 (RLIN) 7005
Personal name Roldán, Gustavo E.
245 13 - TITLE STATEMENT
Title El defensor de menores e incapaces en los procesos de familia :
Remainder of title funciones y desafíos actuales /
Statement of responsibility, etc Gustavo E. Roldán.
260 ## - PUBLICATION, DISTRIBUTION, ETC. (IMPRINT)
Date of publication, distribution, etc Ciudad Autónoma de Buenos Aires :
Place of publication, distribution, etc Thomson Reuters La Ley,
Name of publisher, distributor, etc 2025.
300 ## - PHYSICAL DESCRIPTION
Extent p. 125-136
500 ## - GENERAL NOTE
General note Cita: TR LALEY AR/DOC/2299/2025 <br/>Publicado en: RCCyC 2025 (Octubre).
505 ## - FORMATTED CONTENTS NOTE
Formatted contents note Sumario: I. Introducción.— II. Marco normativo y el rol del defensor.— III. Intervención en los diferentes procesos.— IV. Desafíos actuales.— V. Jurisprudencia relevante sobre la intervención obligatoria del defensor.— VI. Reflexión final.
505 ## - FORMATTED CONTENTS NOTE
Title ¿Te interesa el texto completo? Solicitalo al correo: koha@justierradelfuego.gov.ar
650 #0 - SUBJECT ADDED ENTRY--TOPICAL TERM
9 (RLIN) 967
Topical term or geographic name as entry element DERECHO DE FAMILIA
650 #0 - SUBJECT ADDED ENTRY--TOPICAL TERM
9 (RLIN) 3874
Topical term or geographic name as entry element PROCESOS DE FAMILIA
650 #0 - SUBJECT ADDED ENTRY--TOPICAL TERM
9 (RLIN) 2728
Topical term or geographic name as entry element DEFENSOR
650 #0 - SUBJECT ADDED ENTRY--TOPICAL TERM
9 (RLIN) 180
Topical term or geographic name as entry element DEBIDO PROCESO
773 0# - HOST ITEM ENTRY
Host Biblionumber 2713
Host Itemnumber 3170
Place, publisher, and date of publication Ciudad Autónoma de Buenos Aires : Thomson Reuters La Ley, 2015-
Title Revista Código Civil y Comercial. Nº 5 - Octubre 2025
942 ## - ADDED ENTRY ELEMENTS (KOHA)
Source of classification or shelving scheme
Koha item type Analítica Artículo de Revista

No hay ítems disponibles.

12 de Octubre 789 Ushuaia - Tel:  54(02901)441571
Horario de Atención: 8.00 a 17.00 hs. 
bibliotecaush@justierradelfuego.gov.ar
koha@justierradelfuego.gov.ar
Seguinos en nuestras redes @bibliojustdf 

Con tecnología Koha